Statistics for Land Forms Sounds

Click here to take the quiz!

General Stats

  • This quiz has been taken 13 times
  • The average score is 6 of 14

Answer Stats

HintAnswer% Correct
Mad Gasp CarMadagascar
100%
O ManOman
90%
Purse IanPersian
80%
Add DenAden
60%
Cam Chat CatKamchatka
60%
Gasp Pee'nCaspian
50%
Hi NaanHainan
40%
Tang Any CatTanganyika
40%
Mount A GooMontagu
30%
Plate ToePlato
30%
Celestial BeesCelebes
10%
A MaryAmery
0%
Loot Row HomeLutzow-Holm
0%
Banned Baby BarZanzibar
0%

Score Distribution

Percentile by Number Answered

Percent of People with Each Score

Your Score History

You have not taken this quiz